Gaming Quiz

Random Gaming or Board Games Quiz
Score 0/25 Timer 05:00
0 Plays Today
Game Character % Correct
Dungeon SiegeGyorn
88.5%
Dungeon SiegeMerik
73.1%
Dungeon SiegeUlora
71.2%
Dungeon SiegeZed
65.4%
Dungeon SiegeGloern
59.6%
Dungeon SiegeNaidi
55.8%
Dungeon SiegeRusk
50%
Dungeon SiegeKroduk
48.1%
Dungeon SiegePhaedriel
42.3%
Dungeon SiegeAndiemus
40.4%
Dungeon SiegeLord Bolingar
38.5%
Dungeon SiegeLorun
36.5%
Dungeon SiegeSikra
34.6%
Game Character % Correct
Dungeon SiegeBoryev
32.7%
Dungeon SiegeRhut
32.7%
Legends of ArannaNajj
28.8%
Dungeon SiegeUlfgrim
28.8%
Legends of ArannaJondar
25%
Legends of ArannaLyssa
23.1%
Legends of ArannaAlgher Mankur
19.2%
Legends of ArannaKonus
17.3%
Legends of ArannaKraal Yellowtalon
15.4%
Legends of ArannaJharmaya
11.5%
Legends of ArannaMheagan
11.5%
Legends of ArannaNardulo
11.5%

You're not logged in!

Compare scores with friends on all Sporcle quizzes.
OR
Log In

Sporcle TV

Today on Sporcle TV


Watch our educational content, quiz creation guides, and fun videos on Sporcle TV.

Show Comments

Extras

Top Quizzes Today


Score Distribution

Paid Content

Your Account Isn't Verified!

In order to create a playlist on Sporcle, you need to verify the email address you used during registration. Go to your Sporcle Settings to finish the process.

Report this User

Report this user for behavior that violates our Community Guidelines.

Details: